Численные методы в примерах и задачах: учебное пособие

Bibliografiske detaljer
Hovedforfatter: Киреев В. И. Владимир Иванович
Andre forfattere: Пантелеев А. В. Андрей Владимирович
Summary:Пособие охватывает классические разделы численного анализа: методы алгебры, теории приближения функций одной переменной с их приложениями, разностные методы решения задач Коши и краевых задач для обыкновенных дифференциальных уравнений, численные методы решения уравнений математической физики с двумя и тремя независимыми переменными. Впервые в учебной литературе наряду с традиционными методами изложены новые экономичные, устойчивые и простые в реализации методы приближения функций, численного дифференцирования и интегрирования, решения задачи Коши, основанные на применении интегрально-дифференциальных сплайнов. Для студентов математических, инженерно-технических и авиационных специальностей вузов и университетов, аспирантов и научных работников.
Sprog:russisk
Udgivet: Москва, Высшая школа, 2006
Udgivelse:2-е изд., стер.
Serier:Прикладная математика для ВТУЗов
Fag:
Format: MixedMaterials Bog
KOHA link:https://koha.lib.tpu.ru/cgi-bin/koha/opac-detail.pl?biblionumber=117801

MARC

LEADER 00000nam0a2200000 4500
001 117801
005 20231031123926.0
010 |a 5060047636 
035 |a (RuTPU)RU\TPU\book\127508 
090 |a 117801 
100 |a 20070606d2006 m y0rusy50 ca 
101 0 |a rus 
102 |a RU 
105 |a a j 001zy 
200 1 |a Численные методы в примерах и задачах  |e учебное пособие  |f В. И. Киреев, А. В. Пантелеев 
205 |a 2-е изд., стер. 
210 |a Москва  |c Высшая школа  |d 2006 
215 |a 480 с.  |c ил. 
225 1 |a Прикладная математика для ВТУЗов 
320 |a Библиогр.: с. 477-479. 
330 |a Пособие охватывает классические разделы численного анализа: методы алгебры, теории приближения функций одной переменной с их приложениями, разностные методы решения задач Коши и краевых задач для обыкновенных дифференциальных уравнений, численные методы решения уравнений математической физики с двумя и тремя независимыми переменными. Впервые в учебной литературе наряду с традиционными методами изложены новые экономичные, устойчивые и простые в реализации методы приближения функций, численного дифференцирования и интегрирования, решения задачи Коши, основанные на применении интегрально-дифференциальных сплайнов. Для студентов математических, инженерно-технических и авиационных специальностей вузов и университетов, аспирантов и научных работников. 
451 1 |0 (RuTPU)RU\TPU\book\154968  |y 978-5-06-004763-9  |t Численные методы в примерах и задачах  |o учебное пособие  |f В. И. Киреев, А. В. Пантелеев  |e 3-е изд., стер.  |c М.  |n Высшая школа  |d 2008  |p 480 с.  |a Киреев, Владимир Иванович 
451 1 |0 (RuTPU)RU\TPU\book\79375  |y 5-06-004763-6  |t Численные методы в примерах и задачах  |o учебное пособие  |f В. И. Киреев, А. В. Пантелеев  |c М.  |n Высшая школа  |d 2004  |p 480 с.  |s Прикладная математика для ВТУЗов  |a Киреев, Владимир Иванович 
610 1 |a численные методы 
610 1 |a примеры 
610 1 |a задачи 
610 1 |a алгебра 
610 1 |a линейные алгебраические уравнения 
610 1 |a прямые методы 
610 1 |a итерационные методы 
610 1 |a собственные векторные матрицы 
610 1 |a нелинейные уравнения 
610 1 |a системы нелинейных уравнений 
610 1 |a приближения 
610 1 |a сеточные функции 
610 1 |a методы приближения 
610 1 |a интегрально-дифференциальная интеграция 
610 1 |a интегрально-дифференциальная интерполяция 
610 1 |a интегральное сглаживание 
610 1 |a сплайны 
610 1 |a численное дифференцирование 
610 1 |a численное интегрирование 
610 1 |a метод Рунге 
610 1 |a обыкновенные дифференциальные уравнения 
610 1 |a задачи Коши 
610 1 |a краевые задачи 
610 1 |a математическая физика 
610 1 |a учебные пособия 
610 1 |a теории 
675 |a 519.6(076)  |v 3 
700 1 |a Киреев  |b В. И.  |g Владимир Иванович 
701 1 |a Пантелеев  |b А. В.  |g Андрей Владимирович 
801 1 |a RU  |b 63413507  |c 20070606  |g PSBO 
801 2 |a RU  |b 63413507  |c 20211018  |g PSBO 
900 |a Численные методы 
942 |c BK 
951 |a 550000 
959 |a 47/20070604  |d 2  |e 404,00  |f АНЛ:1  |f ЧЗТЛ:1